FIFA World Cup Winning Goalkeepers - Statistics

General Stats
  • This quiz has been taken 55 times
    33 since last reset
  • The average score is 18 of 22
Answer Stats
Question Answer % Correct
Who was Brazil's 1994 World Cup-winning goalkeeper? Claudio Taffarel
100%
Who was Italy's 1982 World Cup-winning goalkeeper? Dino Zoff
100%
Who was Argentina's 2022 World Cup-winning goalkeeper? Emiliano Martinez
100%
Who was France's 1998 World Cup-winning goalkeeper? Fabien Barthez
100%
Who was Italy's 2006 World Cup-winning goalkeeper? Gianluigi Buffon
100%
Who was Brazil's 1958 World Cup-winning goalkeeper? Gilmar
100%
Who was England's 1966 World Cup-winning goalkeeper? Gordon Banks
100%
Who was France's 2018 World Cup-winning goalkeeper? Hugo Lloris
100%
Who was Spain's 2010 World Cup-winning goalkeeper? Iker Casillas
100%
Who was Germany's 2014 World Cup-winning goalkeeper? Manuel Neuer
100%
Who was Germany's 1974 World Cup-winning goalkeeper? Sepp Maier
100%
Who was Brazil's 1962 World Cup-winning goalkeeper? Gilmar
88%
Who was Argentina's 1978 World Cup-winning goalkeeper? Ubaldo Fillol
88%
Who was Italy's 1934 World Cup-winning goalkeeper? Gianpiero Combi
75%
Who was Argentina's 1986 World Cup-winning goalkeeper? Nery Pumpido
75%
Who was Germany's 1990 World Cup-winning goalkeeper? Bodo Illgner
50%
Who was Uruguay's 1930 World Cup-winning goalkeeper? Enrique Ballestrero
50%
Who was Brazil's 1970 World Cup-winning goalkeeper? Félix
50%
Who was Brazil's 2002 World Cup-winning goalkeeper? Marcos
50%
Who was Germany's 1954 World Cup-winning goalkeeper? Toni Turek
50%
Who was Italy's 1938 World Cup-winning goalkeeper? Aldo Olivieri
38%
Who was Uruguay's 1950 World Cup-winning goalkeeper? Roque Máspoli
38%
No matching quizzes found
Score Distribution
Percent of People with Each Score
Percentile by Number Answered
Your Score History
You have not taken this quiz since the last reset